Online
Catalog

Su dinero cuenta : (Record no. 20121)

MARC details
000 -CABECERA
campo de control de longitud fija 01046nam a2200217 a 4500
001 - NÚMERO DE CONTROL
campo de control 000020617
005 - FECHA Y HORA DE LA ÚLTIMA TRANSACCIÓN
campo de control 20200930011133.0
008 - DATOS DE LONGITUD FIJA--INFORMACIÓN GENERAL
campo de control de longitud fija 100811s2013 dr a 000 0 spa d
020 ## - NÚMERO INTERNACIONAL ESTÁNDAR DEL LIBRO
ISBN cancelado o inválido 978099105415
040 ## - FUENTE DE LA CATALOGACIÓN
Centro catalogador/agencia de origen DO-SdBNP
Lengua de catalogación spa
Centro/agencia transcriptor BNPHU
082 ## - NÚMERO DE LA CLASIFICACIÓN DECIMAL DEWEY
Número de clasificación xxxx
Número de documento/Ítem D276s
100 1# - ENTRADA PRINCIPAL--NOMBRE DE PERSONA
Nombre de persona Dayton, Howard Lape,
Fechas asociadas al nombre 1943-
9 (RLIN) 43345
245 10 - MENCIÓN DE TÍTULO
Título Su dinero cuenta :
Resto del título la dirección de Dios para dar, ahorrar, gastar, invertir y vivir sin deudas /
Mención de responsabilidad, etc. Howard Dayton ; versiones católica editadas por Jon & Evelyn Bean.
250 ## - MENCIÓN DE EDICIÓN
Mención de edición Edición Católica
260 ## - PUBLICACIÓN, DISTRIBUCIÓN, ETC.
Lugar de publicación, distribución, etc. Estados Unidos de America :
Nombre del editor, distribuidor, etc. Compass Catholic Ministries,
Fecha de publicación, distribución, etc. 2013.
300 ## - DESCRIPCIÓN FÍSICA
Extensión 213 p. :
Otras características físicas il. ;
Dimensiones 22 cm.
500 ## - NOTA GENERAL
Nota general La traducción al español del catecismo de la iglesia católica ha sido tomada de la versión actual publicada por librería editrice vaticana. Traducción al idioma español del catecismo de la iglesia católica en sus modificaciones -Llibrería editrice vaticana
590 ## - NOTA LOCAL (RLIN)
Nota local Inventariado, 2020 /LP
700 1# - PUNTO DE ACCESO ADICIONAL--NOMBRE DE PERSONA
Nombre de persona Bean, Evelyn,
Término indicativo de función/relación ed.
9 (RLIN) 43346
700 1# - PUNTO DE ACCESO ADICIONAL--NOMBRE DE PERSONA
Nombre de persona Bean, Jon,
Término indicativo de función/relación ed.
9 (RLIN) 43347
Holdings
Estado de retiro Estado de pérdida Restricciones de uso No para préstamo Código de colección Localización permanente Ubicación/localización actual Ubicación en estantería Fecha de adquisición Número de inventario Total de préstamos Signatura topográfica completa Código de barras Fecha visto por última vez Número de copia Precio válido a partir de Tipo de ítem Koha
        Dominicana de Servicio General General Depósito 11.03.2020 LF1   xxxx D276s 20617-30 25.06.2020 e. 3 25.06.2020 Libro y Folleto Colección Dominicana de Servicio
        Dominicana de Servicio General General Depósito 11.03.2020 LF1   xxxx D276s 20617-40 25.06.2020 e. 4 25.06.2020 Libro y Folleto Colección Dominicana de Servicio
        Dominicana de Servicio General General Depósito 11.03.2020 LF1   xxxx D276s 20617-50 25.06.2020 e. 5 25.06.2020 Libro y Folleto Colección Dominicana de Servicio
      Excluido de préstamo Patrimonio Dominicano Patrimonio Dominicano Patrimonio Dominicano Depósito 11.03.2020 LF1   xxxx D276s 20617-10 25.06.2020   25.06.2020 Libro y Folleto Colección Patrimonio Dominicano
      Excluido de préstamo Patrimonio Dominicano Patrimonio Dominicano Patrimonio Dominicano Depósito 11.03.2020 LF1   xxxx D276s 20617-20 25.06.2020 e. 2 25.06.2020 Libro y Folleto Colección Patrimonio Dominicano

Powered by Koha